Nikicheka, anacheka. (Record no. 14257)
[ view plain ]
| 000 -LEADER | |
|---|---|
| fixed length control field | 00478nam a22001812 4500 |
| 001 - CONTROL NUMBER | |
| control field | 0000006207 |
| 005 - DATE AND TIME OF LATEST TRANSACTION | |
| control field | 20151217160111.0 |
| 008 - FIXED-LENGTH DATA ELEMENTS--GENERAL INFORMATION | |
| fixed length control field | 070926s xx 000 0 eng d |
| 020 ## - INTERNATIONAL STANDARD BOOK NUMBER | |
| International Standard Book Number | 0195730534 : |
| Terms of availability | KES 90 |
| 040 ## - CATALOGING SOURCE | |
| Original cataloging agency | KABU |
| Transcribing agency | KABU |
| 100 1# - MAIN ENTRY--PERSONAL NAME | |
| Personal name | Ngugi, Pamela M. Y. |
| -- | 0000156877 |
| 245 10 - TITLE STATEMENT | |
| Title | Nikicheka, anacheka. |
| 260 ## - PUBLICATION, DISTRIBUTION, ETC. (IMPRINT) | |
| Place of publication, distribution, etc. | Nairobi : |
| Name of publisher, distributor, etc. | OUP, |
| Date of publication, distribution, etc. | 2003. |
| 300 ## - PHYSICAL DESCRIPTION | |
| Extent | 16 p. |
| 908 ## - PUT COMMAND PARAMETER (RLIN) | |
| Put command parameter | 070926 |
| 950 ## - LOCAL HOLDINGS (RLIN) | |
| -- | 1 |
| Withdrawn status | Lost status | Source of classification or shelving scheme | Not for loan | Home library | Current library | Date acquired | Total Checkouts | Full call number | Barcode | Date last seen | Price effective from | Koha item type |
|---|---|---|---|---|---|---|---|---|---|---|---|---|
| Library of Congress Classification | Kabarak, Main Campus | Kabarak, Main Campus | 17/12/2015 | PZ90 .S94N4N56 | 009777 | 17/12/2015 | 17/12/2015 | Children Collection |